Centrum chorvátskej kultúry, Jarovce
Enregistré dans:
| Auteur principal: | |
|---|---|
| Autres auteurs: | |
| Format: | Manuscrit Livre |
| Langue: | slovaque |
| Publié: |
2025
|
| Sujets: | |
| Accès en ligne: | http://is.stuba.sk/zp/portal_zp.pl?podrobnosti=168294 |
| Tags: |
Pas de tags, Soyez le premier à ajouter un tag!
|
MARC
| LEADER | 00000ntm a22000003a 4500 | ||
|---|---|---|---|
| 001 | stuzp104626 | ||
| 003 | SK-STU | ||
| 005 | 20250614213156.4 | ||
| 007 | ta | ||
| 008 | 150427s2015----xo-----f-mn---000-0-slo-d | ||
| 040 | |a STU |b slo | ||
| 041 | 0 | |a slo | |
| 100 | 1 | |a Batešková, Daša |u 058180 |4 aut |U FAD Fakulta architektúry a dizajnu |T FAD Ústav architektúry občianskych budov |X 115629 |U A8180 |Y 399 |7 115629 | |
| 242 | 0 | 1 | |a Croatian Cultural Center, Jarovce |y eng |
| 245 | 1 | 0 | |a Centrum chorvátskej kultúry, Jarovce |
| 260 | |c 2025 | ||
| 650 | 4 | |a ecological strategies |2 eng | |
| 650 | 4 | |a spatial connectivity |2 eng | |
| 650 | 4 | |a community |2 eng | |
| 650 | 4 | |a forma |2 slo | |
| 650 | 4 | |a transformačné cykly |2 slo | |
| 650 | 4 | |a dostupnosť |2 slo | |
| 700 | 1 | |a Šimkovič, Vladimír |4 ths |X 394 |7 A000000394 | |
| 856 | 4 | |u http://is.stuba.sk/zp/portal_zp.pl?podrobnosti=168294 | |